Návrh výroby kyseliny kójovej

Salvato in:
Dettagli Bibliografici
Autore principale: Zubalová, Andrea
Natura: Libro
Lingua:slovacco
Pubblicazione: Bratislava STU FCHPT 2012
Accesso online:Visualizza in OPAC
Tags: Aggiungi Tag
Nessun Tag, puoi essere il primo ad aggiungerne!!

MARC

LEADER 00000nam a2200000 a 4500
005 20260127134251.0
008 120828 2012 xo 000 0 slo d
035 |a vtls010444823 
039 9 |y 201208280958  |z mschk03 
040 |a STUSCHK1  |b slo  |c STUSCHK1  |e AACR2 
100 1 |a Zubalová, Andrea 
245 1 |a Návrh výroby kyseliny kójovej  |c Andrea Zubalová 
260 |a Bratislava  |b STU FCHPT  |c 2012 
300 |a 39 s.  |b il.  |c 30 cm 
500 |a Obháj.: 9.7. 2012 
500 |a Študijný program: chemické inžinierstvo 
500 |a Študijný odbor: 5.2.17 chemické inžinierstvo 
500 |a Bakalárska práca 
500 |a FCHPT, Oddelenie chemického a biochemického inžinierstva 
500 |a Evidenčné číslo: 5431-68608 
910 |a SCHK95 
999 |c 8290  |d 8290